00418nam a2200157Ia 4500008004100000020001800041041000800059082001500067100001300082245006400095260003500159300000900194500001600203650001600219700002500235230125s9999 xx 000 0 und d a81-203-2156-1 aeng a659.1bCLO aClow K E aInterated Advertising Promotion And Marketing Communication c2002bPrentice HallaNew Delhi a638p aadvertising aAdvertising aClow K E & Baack D E